| Tag |
First Indicator |
Second Indicator |
Subfields |
| LEADER |
00000cam a22000004a 4500 |
| 001 |
in00003408313 |
| 005 |
20190405201653.0 |
| 006 |
m o d |
| 007 |
cr |||||||nn|n |
| 008 |
120403s2012 quc o d fre d |
| 010 |
|
|
|z 2012397060
|
| 020 |
|
|
|a 9782760530959
|
| 020 |
|
|
|z 9782760530942
|
| 035 |
|
|
|a (MdBmJHUP)muse9782760530959
|
| 040 |
|
|
|a MdBmJHUP
|c MdBmJHUP
|d UtOrBLW
|
| 043 |
|
|
|a n-cn-qu
|
| 050 |
0 |
0 |
|a E96.65.Q3
|b C65 2012
|
| 100 |
1 |
|
|a Colomb, Emmanuel,
|d 1965-
|
| 245 |
1 |
0 |
|a Premieres Nations :
|b essai d'une approche holistique en education superieure : entre comprehension et reussite /
|c Emmanuel Colomb.
|
| 264 |
|
1 |
|a Quebec :
|b Presses de l'Universite du Quebec,
|c 2012.
|
| 300 |
|
|
|a 1 online resource (xviii, 90 pages :) :
|b illustrations
|
| 336 |
|
|
|a text
|b txt
|2 rdacontent
|
| 337 |
|
|
|a computer
|b c
|2 rdamedia
|
| 338 |
|
|
|a online resource
|b cr
|2 rdacarrier
|
| 504 |
|
|
|a Includes bibliographical references.
|
| 588 |
|
|
|a Description based on print version record.
|
| 500 |
|
|
|a Electronic resource.
|
| 650 |
|
0 |
|a Indian college students
|z Québec (Province)
|
| 650 |
|
0 |
|a Indians
|z Québec (Province)
|x Social conditions
|y 21st century.
|
| 650 |
|
0 |
|a Indians
|x Rehabilitation
|z Québec (Province)
|
| 650 |
|
0 |
|a Indians
|x Education (Higher)
|z Québec (Province)
|
| 655 |
|
7 |
|a Electronic books.
|2 local
|
| 856 |
4 |
0 |
|u http://proxy.library.tamu.edu/login?url=http://muse.jhu.edu/books/9782760530959/
|z Connect to the full text of this electronic book
|t 0
|
| 999 |
|
|
|a MARS
|
| 999 |
f |
f |
|s e78941a6-ab9b-38d1-8d56-fd7130d2c110
|i dd23c4a2-b71c-32e3-a1af-155d2ecd0e58
|t 0
|
| 952 |
f |
f |
|a Texas A&M University
|b College Station
|c Electronic Resources
|d Available Online
|t 0
|e E96.65.Q3 C65 2012
|h Library of Congress classification
|
| 998 |
f |
f |
|a E96.65.Q3 C65 2012
|t 0
|l Available Online
|